Flora : enciclopedia salvat de la jardinería :

Guardado en:
Formato: Libro
Publicado: Barcelona : Salvat, 1977
Materias:
Etiquetas: Agregar Etiqueta
Sin Etiquetas, Sea el primero en etiquetar este registro!
LEADER 00701nam a22001935a 4500
001 CEM.cems017400
005 20130319171932.0
008 130507s1977##################000#0#####d
003 CEMS
020 |a 8434537807 
082 0 4 |a 635.9 
245 0 0 |a Flora :  |b enciclopedia salvat de la jardinería : 
260 |a Barcelona :  |b Salvat,  |c 1977 
300 |a 280 p. 
500 |a Colección de 13 tomos Corresponde al tomo 4 
505 0 |a Plantas vivaces -- Diversidad y cultivo -- Utilización y características -- Plantas medicinales y aromáticas -- Plantas acuáticas ornamentales 
653 |a Jardinería 
653 |a Plantas vivaces 
859 |a CEMS  |b BIB. CEMS - Agricultura  |h 635.9  |i F661  |p A1151.10  |t Ej.1  |v IV  |3 IV